| 000 | 00704nam a22001817a 4500 | ||
|---|---|---|---|
| 003 | UA-OsUOA | ||
| 001 | 17939 | ||
| 007 | ta | ||
| 008 | 20040404b un ||||| |||| 00| 0 ukr d | ||
| 100 | _aЦимбалюк Є. | ||
| 942 | _cSA | ||
| 040 |
_aUA-OsUOA _cUA-OsUOA _dUA-OsUOA |
||
| 245 | _aКрізь терни - до слова: Кн. про рідне село [Ярословачі Млинів. р-ну Р. Островецький ] почав писати у 20-річному , а завершив у 67 - річному віці | ||
| 300 | _aС.5 | ||
| 955 | _a0 | ||
| 773 | 0 |
_w0 _tВільне слово _dРівне _d2004 _g№25/31 берез./ |
|
| 650 | 7 |
_aКраєзнавча робота _2UDC |
|
| 999 |
_c304109 _d304109 |
||